000 00246nam a2200085Ia 4500
008 170620s9999 xx 000 0 und d
100 _aBala- Jampala Madhu
245 0 _aAdjustment Problems of Hearing Impaired
260 _bNew Delhi- Discovery Publishing House
260 _c2006
999 _c24279
_d24279